| 000 | 00913cam a2200277 a 4500 | ||
|---|---|---|---|
| 001 | 000014830 | ||
| 005 | 20250501120733.0 | ||
| 008 | 800131s1973 mx a 000 0 spa d | ||
| 035 | _a(OCoLC)5931658 | ||
| 040 |
_aDO-SdBNP _cTxU _dDLC |
||
| 082 |
_a304.6 _bV659e, 1973 |
||
| 100 | 1 |
_aViel V., Benjamín _933591 |
|
| 245 | 1 | 3 |
_aLa explosión demográfica : _b¿cuántos son demasiados? / _cBenjamín Viel V. ; prólogo de Álvaro García Peña. |
| 250 | _a3a ed. | ||
| 260 |
_aMéxico : _bPax-México, _c1973. |
||
| 300 |
_axx, 329 p. : _bil. ; _c21 cm. |
||
| 504 | _aIncluye bibliografía (p. 321-328) | ||
| 650 | 0 |
_aDemografía _945443 |
|
| 650 | 4 |
_aControl natal _zAmérica Latina _933592 |
|
| 650 | 0 |
_aProblemas sociales _99290 |
|
| 650 | 4 |
_aPoblación _zAmérica Latina _933593 |
|
| 700 | 1 |
_aGarcía Peña, Álvaro, _epról. _933594 |
|
| 910 | _aCatalogación derivada | ||
| 910 | _aWM | ||
| 049 | _aBNGR | ||
| 999 |
_c14410 _d14410 |
||